[Event "Steinfurt Bezirksliga 1516"]
[Site "Germany"]
[Date "2016.05.28"]
[Round "9.2"]
[White "Rengers, Rainer"]
[Black "Wehmeier, Sven"]
[Result "0-1"]
[WhiteElo "1673"]
[BlackElo "1783"]
[PlyCount "58"]
[EventDate "2015.09.19"]
[EventType "team-tourn"]
[EventRounds "9"]
[EventCountry "GER"]
[SourceTitle "EXT 2017"]
[Source "ChessBase"]
[SourceDate "2016.10.25"]
[SourceVersion "1"]
[SourceVersionDate "2016.10.25"]
[SourceQuality "1"]
[WhiteTeam "Neuenkirchen II"]
[BlackTeam "Emsdetten Rochade III"]
[WhiteTeamCountry "GER"]
[BlackTeamCountry "GER"]

1. d4 Nf6 2. Nf3 g6 3. c4 Bg7 4. Nc3 0-0 5. e4 d6 6. Be2 Nfd7 7. Be3 Nc6 8. Qd2 e5 9. d5 Ne7 10. Bh6 b6 11. h4 f6 12. Bxg7 Kxg7 13. Rb1 a5 14. g4 Nc5 15. Rg1 Ng8 16. b3 Bd7 17. a4 Qe7 18. Qe3 Rf7 19. Kd2 Raf8 20. Kc2 Nh6 21. Ne1 Nxg4 22. Bxg4 f5 23. Bf3 fxe4 24. Nxe4 Nxe4 25. Bxe4 Rxf2+ 26. Kc3 Qxh4 27. Nd3 Rh2 28. Qg5 Qxe4 29. Qe7+ Rf7 0-1

[Event "Steinfurt Bezirksliga 1516"]
[Site "Germany"]
[Date "2016.01.23"]
[Round "5.1"]
[White "Ulbricht Weiss, Wolfgang"]
[Black "Wehmeier, Sven"]
[Result "0-1"]
[WhiteElo "1367"]
[BlackElo "1783"]
[PlyCount "112"]
[EventDate "2015.09.19"]
[EventType "team-tourn"]
[EventRounds "9"]
[EventCountry "GER"]
[SourceTitle "EXT 2017"]
[Source "ChessBase"]
[SourceDate "2016.10.25"]
[SourceVersion "1"]
[SourceVersionDate "2016.10.25"]
[SourceQuality "1"]
[WhiteTeam "Rheine CC"]
[BlackTeam "Emsdetten Rochade III"]
[WhiteTeamCountry "GER"]
[BlackTeamCountry "GER"]

1. d3 d5 2. c3 g6 3. Nf3 Bg7 4. Qc2 c5 5. Bf4 Nc6 6. Nbd2 e5 7. Bg5 Nge7 8. h3 0-0 9. e4 d4 10. c4 f6 11. Bh4 Qa5 12. Be2 h6 13. 0-0 g5 14. Bg3 g4 15. hxg4 Bxg4 16. Nb3 Qc7 17. Nh2 Bxe2 18. Qxe2 b6 19. a3 f5 20. Nd2 f4 21. Bh4 Ng6 22. Qh5 Nxh4 23. Qxh4 Rf6 24. Qh5 Qf7 25. Qxf7+ Kxf7 26. f3 h5 27. Kf2 Rg6 28. Rg1 Bf6 29. Kf1 Rag8 30. Rc1 a5 31. Rc2 Rg3 32. Nb3 Ne7 33. Nc1 Ng6 34. a4 Ne7 35. b3 Nc6 36. Na2 h4 37. Ng4 R8xg4 38. fxg4 Rxd3 39. Nc1 Re3 40. Re2 Rc3 41. Kf2 Bg5 42. Rb2 f3 43. Na2 Be3+ 44. Kf1 Rd3 45. Rb1 Rd2 46. gxf3 Rxa2 47. Rg2 Rxg2 48. Kxg2 Nb4 49. Kh3 Bg5 50. Kg2 Kg6 51. Kf2 d3 52. Rh1 d2 53. Ke2 Na2 54. Kd1 Nc3+ 55. Kc2 d1Q+ 56. Rxd1 Nxd1 0-1

[Event "Steinfurt Bezirksliga 1415"]
[Site "Germany"]
[Date "2015.04.18"]
[Round "8.2"]
[White "Raus, Christina"]
[Black "Wehmeier, Sven"]
[Result "0-1"]
[WhiteElo "1442"]
[BlackElo "1813"]
[PlyCount "62"]
[EventDate "2014.09.06"]
[EventType "team-tourn"]
[EventRounds "9"]
[EventCountry "GER"]
[SourceTitle "EXT 2016"]
[Source "ChessBase"]
[SourceDate "2015.10.08"]
[SourceVersion "1"]
[SourceVersionDate "2015.10.08"]
[SourceQuality "1"]
[WhiteTeam "Steinfurt III"]
[BlackTeam "Emsdetten Turm III"]
[WhiteTeamCountry "GER"]
[BlackTeamCountry "GER"]

1. d4 g6 2. c4 Nf6 3. Nc3 Bg7 4. Bg5 0-0 5. e3 c5 6. Nf3 cxd4 7. Nxd4 Nc6 8. Be2 Qb6 9. Nxc6 bxc6 10. Qc2 d6 11. Bd3 Rb8 12. b3 Qa5 13. 0-0 Qxg5 14. Rac1 h5 15. Be2 Bf5 16. Qd2 h4 17. Rfd1 h3 18. g3 Nd7 19. f4 Qh6 20. Bf3 Rfc8 21. e4 Be6 22. Kf2 Nc5 23. Qe3 Nxb3 24. axb3 Rxb3 25. c5 Qh8 26. cxd6 exd6 27. Rxd6 Bxc3 28. Qxa7 Bb4 29. Rdd1 Qb2+ 30. Kg1 Rxf3 31. Kh1 Qg2# 0-1

[Event "Steinfurt Bezirksliga 1213"]
[Site "Germany"]
[Date "2013.03.02"]
[Round "7.2"]
[White "Lachmuth, Mathias"]
[Black "Wehmeier, Sven"]
[Result "0-1"]
[WhiteElo "1736"]
[BlackElo "1752"]
[PlyCount "90"]
[EventDate "2012.09.22"]
[EventType "team-tourn"]
[EventRounds "9"]
[EventCountry "GER"]
[SourceTitle "EXT 2015"]
[Source "ChessBase"]
[SourceDate "2014.11.20"]
[SourceVersion "1"]
[SourceVersionDate "2014.11.20"]
[SourceQuality "1"]
[WhiteTeam "Emsdetten Rochade II"]
[BlackTeam "Emsdetten Turm III"]
[WhiteTeamCountry "GER"]
[BlackTeamCountry "GER"]

1. Nf3 Nf6 2. b3 g6 3. Bb2 Bg7 4. e3 0-0 5. d4 a5 6. a4 c6 7. Nbd2 b6 8. Be2 Ba6 9. c4 d5 10. 0-0 dxc4 11. bxc4 Nfd7 12. Rb1 Qc7 13. Ne4 Rd8 14. Qb3 e5 15. Neg5 exd4 16. exd4 c5 17. d5 Bxb2 18. Qxb2 h6 19. Nh3 Bc8 20. Rfe1 Na6 21. Bf1 Nb4 22. Re7 Qd6 23. Rbe1 Nf6 24. Qe5 Kf8 25. Re8+ Kg7 26. Nf4 Qxe5 27. R8xe5 Bd7 28. Ra1 Re8 29. Nd3 Ng4 30. Rxe8 Rxe8 31. h3 Nf6 32. Nde5 Bc8 33. Re1 Nd7 34. Nd3 Rxe1 35. Nfxe1 Kf6 36. Nf3 Nxd3 37. Bxd3 Ne5 38. Be2 Nxf3+ 39. Bxf3 Bd7 40. Bd1 Ke5 41. Kf1 Kd4 42. Be2 Bxa4 43. Ke1 Kc3 44. Bd1 Bd7 45. Bg4 f5 0-1

[Event "Steinfurt Bezirksliga 1213"]
[Site "Germany"]
[Date "2012.12.22"]
[Round "4.4"]
[White "Wehmeier, Sven"]
[Black "Radisic, Sascha"]
[Result "1/2-1/2"]
[WhiteElo "1752"]
[BlackElo "1666"]
[PlyCount "74"]
[EventDate "2012.09.22"]
[EventType "team-tourn"]
[EventRounds "9"]
[EventCountry "GER"]
[SourceTitle "EXT 2015"]
[Source "ChessBase"]
[SourceDate "2014.11.20"]
[SourceVersion "1"]
[SourceVersionDate "2014.11.20"]
[SourceQuality "1"]
[WhiteTeam "Emsdetten Turm III"]
[BlackTeam "Steinfurt II"]
[WhiteTeamCountry "GER"]
[BlackTeamCountry "GER"]

1. e4 c5 2. Nf3 d6 3. d4 cxd4 4. Nxd4 Nf6 5. Nc3 g6 6. Be2 Bg7 7. 0-0 0-0 8. a4 Nc6 9. Be3 Nd7 10. Kh1 Nxd4 11. Bxd4 Bxd4 12. Qxd4 Nc5 13. f4 Ne6 14. Qe3 b6 15. f5 Ng7 16. Nd5 Ne8 17. fxg6 fxg6 18. Qg5 Rf7 19. Rxf7 Kxf7 20. Rf1+ Nf6 21. Nxe7 Qh8 22. Qd5+ Be6 23. Qb7 Qb8 24. Qxb8 Rxb8 25. Nd5 Bxd5 26. exd5 Re8 27. Bb5 Re5 28. b3 Kg7 29. c4 Re3 30. b4 Ne4 31. a5 bxa5 32. bxa5 Nc5 33. Ra1 a6 34. Bc6 Re4 35. Kg1 Rxc4 36. Rb1 Kf6 37. Rb8 Rc1+ 1/2-1/2

[Event "Steinfurt Bezirksliga 1011"]
[Site "Germany"]
[Date "2011.03.26"]
[Round "7.3"]
[White "Hartmann, Viktor"]
[Black "Wehmeier, Sven"]
[Result "1-0"]
[WhiteElo "1686"]
[BlackElo "1785"]
[PlyCount "62"]
[EventDate "2010.10.02"]
[EventType "team-tourn"]
[EventRounds "9"]
[EventCountry "GER"]
[SourceTitle "EXT 2012"]
[Source "ChessBase"]
[SourceDate "2011.11.24"]
[SourceVersion "1"]
[SourceVersionDate "2011.11.24"]
[SourceQuality "1"]
[WhiteTeam "Ibbenbueren II"]
[BlackTeam "Emsdetten Turm III"]
[WhiteTeamCountry "GER"]
[BlackTeamCountry "GER"]

1. d4 Nf6 2. c4 c5 3. d5 g6 4. Nc3 Bg7 5. Nf3 d6 6. e4 Qa5 7. Bd2 Nbd7 8. Be2 0-0 9. 0-0 Ng4 10. Qc2 Nge5 11. Nxe5 Bxe5 12. f4 Bd4+ 13. Kh1 Qb6 14. Bd3 e6 15. f5 exf5 16. exf5 Ne5 17. fxg6 hxg6 18. Bh6 Nxd3 19. Qxd3 Qxb2 20. Nb5 Bf5 21. Qf3 Be5 22. Bxf8 Rxf8 23. Rae1 Qxa2 24. Rxe5 dxe5 25. Nd6 Qc2 26. g4 Bd3 27. Rf2 Qb1+ 28. Kg2 f6 29. Qe3 Qb6 30. Qxd3 Qxd6 31. Qxg6+ Kh8 1-0

[Event "Steinfurt Bezirksliga 1011"]
[Site "Germany"]
[Date "2011.03.05"]
[Round "6.2"]
[White "Schmidt, Frank1111"]
[Black "Wehmeier, Sven"]
[Result "1-0"]
[WhiteElo "1559"]
[BlackElo "1785"]
[PlyCount "79"]
[EventDate "2010.10.02"]
[EventType "team-tourn"]
[EventRounds "9"]
[EventCountry "GER"]
[SourceTitle "EXT 2012"]
[Source "ChessBase"]
[SourceDate "2011.11.24"]
[SourceVersion "1"]
[SourceVersionDate "2011.11.24"]
[SourceQuality "1"]
[WhiteTeam "Emsdetten Rochade III"]
[BlackTeam "Emsdetten Turm III"]
[WhiteTeamCountry "GER"]
[BlackTeamCountry "GER"]

1. d4 Nf6 2. Nf3 g6 3. g3 Bg7 4. Bg2 0-0 5. 0-0 d6 6. c4 Nbd7 7. Nc3 Re8 8. Qc2 Nb6 9. b3 c6 10. Rd1 Qc7 11. Bb2 d5 12. Ne5 Bf5 13. e4 dxe4 14. Nxe4 Rad8 15. f4 h5 16. Qe2 Nc8 17. Ng5 Rf8 18. h3 Nh7 19. g4 hxg4 20. hxg4 Bd7 21. Be4 Nxg5 22. fxg5 Bxe5 23. dxe5 Be6 24. Kg2 Kg7 25. Bc3 Nb6 26. Bc2 Nd7 27. Rh1 Rh8 28. Rad1 Nf8 29. Rxh8 Kxh8 30. Rh1+ Kg7 31. Qf3 f5 32. exf6+ exf6 33. gxf6+ Kf7 34. g5 b5 35. c5 Rd5 36. Be4 Rxg5+ 37. Kf2 Rg3 38. Qxg3 Qxg3+ 39. Kxg3 Bd7 40. b4 1-0

[Event "Muensterland Verbandsklasse-A 0607"]
[Site "Germany"]
[Date "2007.04.21"]
[Round "8.4"]
[White "Bueckers, Bernhard"]
[Black "Wehmeier, Sven"]
[Result "0-1"]
[WhiteElo "1757"]
[BlackElo "1745"]
[PlyCount "100"]
[EventDate "2006.09.23"]
[EventType "team"]
[EventRounds "9"]
[EventCountry "GER"]
[SourceTitle "EXT 2008"]
[Source "ChessBase"]
[SourceDate "2007.11.25"]
[SourceVersion "1"]
[SourceVersionDate "2007.11.25"]
[SourceQuality "1"]
[WhiteTeam "Metelen"]
[BlackTeam "Emsdetten Turm III"]
[WhiteTeamCountry "GER"]
[BlackTeamCountry "GER"]

1. c4 g6 2. Nc3 d6 3. d4 Bg7 4. g3 Nf6 5. Bg2 0-0 6. Nf3 Nfd7 7. 0-0 c5 8. e3 Nc6 9. Re1 Rb8 10. Rb1 b6 11. b3 Bb7 12. Bb2 a6 13. a3 Ba8 14. Ba1 Na7 15. Qd2 Qc7 16. Nd5 Bxd5 17. cxd5 c4 18. bxc4 Qxc4 19. Rec1 Qa4 20. Rb4 Qa5 21. Rc7 Rfc8 22. Rxa7 Nf6 23. Rb1 Qxa3 24. Bb2 Qb3 25. Rc1 a5 26. Rac7 Rxc7 27. Rxc7 Nxd5 28. Qc2 Qxc2 29. Rxc2 b5 30. Nd2 Nb6 31. Bf1 b4 32. Nb3 a4 33. Nc1 e5 34. Rc6 exd4 35. exd4 d5 36. Nd3 Nc4 37. Ba1 b3 38. Ra6 a3 39. Ra7 Bf8 40. Bc3 b2 41. Nxb2 axb2 42. Bxb2 Rxb2 43. Rd7 Rb1 44. Kg2 Nb6 45. Rb7 h5 46. Be2 Ba3 47. Bf3 Rb4 48. h3 Bb2 49. Rb8+ Kg7 50. g4 h4 0-1

[Event "Muensterland Verbandsklasse-A 0607"]
[Site "Germany"]
[Date "2006.11.18"]
[Round "3.4"]
[White "Wehmeier, Sven"]
[Black "Frie, Michael"]
[Result "0-1"]
[WhiteElo "1745"]
[BlackElo "1896"]
[PlyCount "56"]
[EventDate "2006.09.23"]
[EventType "team"]
[EventRounds "9"]
[EventCountry "GER"]
[SourceTitle "EXT 2008"]
[Source "ChessBase"]
[SourceDate "2007.11.25"]
[SourceVersion "1"]
[SourceVersionDate "2007.11.25"]
[SourceQuality "1"]
[WhiteTeam "Emsdetten Turm III"]
[BlackTeam "Muenster Indische Dame"]
[WhiteTeamCountry "GER"]
[BlackTeamCountry "GER"]

1. e4 c5 2. Nf3 Nc6 3. d4 cxd4 4. Nxd4 e5 5. Nb5 d6 6. N1c3 Nf6 7. Bg5 a6 8. Bxf6 gxf6 9. Na3 Be6 10. g3 Rc8 11. Nc4 Nd4 12. Ne3 Qa5 13. Bd3 Rxc3 14. bxc3 Qxc3+ 15. Kf1 Bh3+ 16. Kg1 Qxa1 17. f3 Qxd1+ 18. Nxd1 Nxf3+ 19. Kf2 Nd4 20. Ne3 Ne6 21. Rb1 Nc5 22. g4 h5 23. gxh5 Rxh5 24. Nd5 Be7 25. Ne3 Be6 26. Kg2 Bxa2 27. Rh1 f5 28. Nxf5 Rxf5 0-1

[Event "Muensterland Verbandsklasse-A 0607"]
[Site "Germany"]
[Date "2006.09.23"]
[Round "1.5"]
[White "Wehmeier, Sven"]
[Black "Schlagheck, Thomas"]
[Result "1-0"]
[WhiteElo "1745"]
[BlackElo "1723"]
[PlyCount "117"]
[EventDate "2006.09.23"]
[EventType "team"]
[EventRounds "9"]
[EventCountry "GER"]
[SourceTitle "EXT 2008"]
[Source "ChessBase"]
[SourceDate "2007.11.25"]
[SourceVersion "1"]
[SourceVersionDate "2007.11.25"]
[SourceQuality "1"]
[WhiteTeam "Emsdetten Turm III"]
[BlackTeam "Muenster SK IV"]
[WhiteTeamCountry "GER"]
[BlackTeamCountry "GER"]

1. e4 c5 2. Nf3 Nc6 3. d4 cxd4 4. Nxd4 d6 5. g3 g6 6. Nxc6 bxc6 7. Qd4 f6 8. Bg2 Qb6 9. Qc3 Ba6 10. a4 Nh6 11. Be3 Qc7 12. e5 Rc8 13. exf6 exf6 14. Qxf6 Bg7 15. Bxc6+ Qxc6 16. Qxg7 Qxh1+ 17. Kd2 Rg8 18. Qxh6 Qd5+ 19. Kc1 Qd3 20. Nc3 Qf1+ 21. Nd1 Qe2 22. Bd2 Bd3 23. Qe3+ Qxe3 24. Nxe3 Be4 25. b3 Rg7 26. Nc4 Kd7 27. Kb2 Re7 28. Be3 Rc7 29. Rd1 d5 30. Na3 Rb7 31. Nb5 a6 32. Nc3 Ke6 33. Nxe4 dxe4 34. Rd4 Ke5 35. Rc4 Kd5 36. Rc5+ Ke6 37. Ra5 Red7 38. Rxa6+ Kf5 39. h3 Rd5 40. Ra7 Rxa7 41. Bxa7 h5 42. b4 g5 43. Be3 g4 44. h4 Ke6 45. a5 Kd6 46. Kb3 Kc6 47. a6 Rd1 48. Kc4 Rb1 49. a7 Kb7 50. b5 Rd1 51. b6 Rd6 52. Kb5 Rd5+ 53. Kb4 Rd6 54. c4 Rd8 55. c5 Kc6 56. Kc4 Re8 57. Bf4 Kb7 58. Bb8 Rc8 59. Kb5 1-0

[Event "Steinfurt Bezirksliga 0506"]
[Site "Germany"]
[Date "2006.03.18"]
[Round "8.6"]
[White "Bartsch, Rainer"]
[Black "Wehmeier, Sven"]
[Result "0-1"]
[WhiteElo "1964"]
[BlackElo "1518"]
[PlyCount "68"]
[EventDate "2005.09.24"]
[EventType "team-tourn"]
[EventRounds "9"]
[EventCountry "GER"]
[SourceTitle "EXT 2006"]
[Source "ChessBase"]
[SourceDate "2005.11.24"]
[SourceVersion "1"]
[SourceVersionDate "2005.11.24"]
[SourceQuality "1"]
[WhiteTeam "Falke Saerbeck II"]
[BlackTeam "Emsdetten Turm III"]
[WhiteTeamCountry "GER"]
[BlackTeamCountry "GER"]

1. d4 g6 2. Nf3 d6 3. e3 Bg7 4. Bd3 c5 5. 0-0 Nf6 6. Nbd2 0-0 7. c3 Qc7 8. e4 Nfd7 9. Re1 a6 10. a4 Nc6 11. Nb3 cxd4 12. cxd4 Nb4 13. Bf4 Nxd3 14. Qxd3 Nb6 15. Rec1 Qd8 16. a5 Nd7 17. e5 d5 18. Qe3 Nb8 19. Nc5 Nc6 20. Nb3 Be6 21. Bh6 Bxh6 22. Qxh6 f6 23. Nc5 Bc8 24. e6 Kh8 25. Ra3 Rg8 26. Re1 Nxa5 27. Nh4 Rg7 28. Rh3 Qg8 29. Nd7 Bxd7 30. exd7 Nc6 31. Qf4 g5 32. Ng6+ Rxg6 33. Qc7 Rb8 34. d8Q Qxd8 0-1

[Event "Steinfurt Bezirksliga 0506"]
[Site "Germany"]
[Date "2006.03.09"]
[Round "7.5"]
[White "Merschkoetter, Peter"]
[Black "Wehmeier, Sven"]
[Result "1-0"]
[WhiteElo "1587"]
[BlackElo "1518"]
[PlyCount "55"]
[EventDate "2005.09.24"]
[EventType "team-tourn"]
[EventRounds "9"]
[EventCountry "GER"]
[SourceTitle "EXT 2006"]
[Source "ChessBase"]
[SourceDate "2005.11.24"]
[SourceVersion "1"]
[SourceVersionDate "2005.11.24"]
[SourceQuality "1"]
[WhiteTeam "Reckenfeld"]
[BlackTeam "Emsdetten Turm III"]
[WhiteTeamCountry "GER"]
[BlackTeamCountry "GER"]

1. e4 e5 2. Nf3 Nc6 3. Bb5 a6 4. Ba4 Bc5 5. 0-0 d6 6. c3 b5 7. Bb3 Bg4 8. d4 exd4 9. Bd5 Qd7 10. cxd4 Bxf3 11. gxf3 Bb6 12. Be3 Nge7 13. Nc3 0-0 14. Kh1 b4 15. Ne2 Nxd5 16. exd5 Ne7 17. Rg1 Qf5 18. Nf4 Nxd5 19. Nxd5 Qxd5 20. Bh6 Bxd4 21. Bxg7 f6 22. Bxf6+ Kf7 23. Bxd4 Rg8 24. Qd3 Rg6 25. Rxg6 hxg6 26. Rg1 Rg8 27. Qe4 Qxa2 28. Re1 1-0

[Event "Steinfurt Bezirksliga 0506"]
[Site "Germany"]
[Date "2005.12.17"]
[Round "4.5"]
[White "Wehmeier, Sven"]
[Black "Gildehaus, Simon"]
[Result "1-0"]
[WhiteElo "1518"]
[BlackElo "1517"]
[PlyCount "65"]
[EventDate "2005.09.24"]
[EventType "team-tourn"]
[EventRounds "9"]
[EventCountry "GER"]
[SourceTitle "EXT 2006"]
[Source "ChessBase"]
[SourceDate "2005.11.24"]
[SourceVersion "1"]
[SourceVersionDate "2005.11.24"]
[SourceQuality "1"]
[WhiteTeam "Emsdetten Turm III"]
[BlackTeam "Falke Saerbeck III"]
[WhiteTeamCountry "GER"]
[BlackTeamCountry "GER"]

1. e4 c5 2. Nf3 Nc6 3. d4 cxd4 4. Nxd4 Nf6 5. Nc3 e5 6. Ndb5 d6 7. Bg5 a6 8. Na3 Be7 9. Be2 Nd4 10. 0-0 b5 11. Bxf6 Bxf6 12. Nd5 Bb7 13. c3 Nxe2+ 14. Qxe2 Bxd5 15. exd5 Rc8 16. Nc2 Qb6 17. Ne3 0-0 18. a4 Rc5 19. axb5 Rxb5 20. Nc4 Qc7 21. Rxa6 Rxd5 22. b4 Be7 23. Nb6 Qb7 24. Nxd5 Qxd5 25. c4 Qb7 26. b5 Rc8 27. g3 Kf8 28. Rfa1 f6 29. Ra7 Qb6 30. Ra8 Qc5 31. Qe4 Kf7 32. Rxc8 Qxc8 33. b6 1-0

[Event "Muensterland Verbandsklasse-A 0405"]
[Site "Muensterland"]
[Date "2004.11.06"]
[Round "3.5"]
[White "Noering, Andreas"]
[Black "Wehmeier, Sven"]
[Result "0-1"]
[WhiteElo "1787"]
[BlackElo "1677"]
[PlyCount "40"]
[EventDate "2004.09.11"]
[EventType "team"]
[EventRounds "9"]
[EventCountry "GER"]
[SourceTitle "EXT 2006"]
[Source "ChessBase"]
[SourceDate "2005.11.24"]
[SourceVersion "1"]
[SourceVersionDate "2005.11.24"]
[SourceQuality "1"]
[WhiteTeam "Emsdetten"]
[BlackTeam "Emsdetten Turm III"]
[WhiteTeamCountry "GER"]
[BlackTeamCountry "GER"]

1. e4 e5 2. Nf3 Nc6 3. d4 exd4 4. Nxd4 Qh4 5. Be3 Qxe4 6. Nd2 Qg6 7. Nb5 Nb4 8. Rc1 Nd5 9. Qf3 c6 10. c4 a6 11. cxd5 axb5 12. dxc6 dxc6 13. Be2 Rxa2 14. 0-0 Be7 15. Bxb5 Rxb2 16. Bxc6+ bxc6 17. Rxc6 Be6 18. Bf4 Qf5 19. Ra1 Ra2 20. Rac1 Nf6 0-1

[Event "Muensterland Verbandsklasse-A 0405"]
[Site "Muensterland"]
[Date "2004.10.02"]
[Round "2.8"]
[White "Schoppmeier, Robert"]
[Black "Wehmeier, Sven"]
[Result "1-0"]
[WhiteElo "1671"]
[BlackElo "1677"]
[PlyCount "68"]
[EventDate "2004.09.11"]
[EventType "team"]
[EventRounds "9"]
[EventCountry "GER"]
[SourceTitle "EXT 2006"]
[Source "ChessBase"]
[SourceDate "2005.11.24"]
[SourceVersion "1"]
[SourceVersionDate "2005.11.24"]
[SourceQuality "1"]
[WhiteTeam "Nienberge"]
[BlackTeam "Emsdetten Turm III"]
[WhiteTeamCountry "GER"]
[BlackTeamCountry "GER"]

1. d4 d6 2. Nf3 Nf6 3. Bg5 Nbd7 4. Nbd2 g6 5. e4 Bg7 6. Bc4 Nb6 7. Bb3 0-0 8. Qe2 Ne8 9. e5 d5 10. h3 c6 11. Nh2 Nc7 12. Be3 Ne6 13. f4 Bh6 14. Qf2 f6 15. Qh4 Kg7 16. Ndf3 Nc4 17. Bxc4 dxc4 18. Ng4 Bxf4 19. Bxf4 Nxf4 20. Qh6+ Kg8 21. Qxf4 Bxg4 22. hxg4 Qb6 23. b3 cxb3 24. axb3 Rad8 25. e6 Rd6 26. Qh6 Rxe6+ 27. Kf2 Rf7 28. Qf4 Qd8 29. Rxa7 f5 30. g5 Re4 31. Qd2 e5 32. Qa5 Qd7 33. Ra8+ Kg7 34. Qd8 exd4 1-0